000 00386 a2200121 4500
001 ART_13845
005 20260410161911.0
008 260409a
245 1 0 _aA proposition on short-run departures from the law-of-one-price
100 1 _aHillman, Arye L.
700 1 _aBlejer, Mario I.
773 0 _tEuropean economic review
_g- Vol. 17, NÂș 1 (ene. 1982)
_wREV13346
999 _c26833
_d26833